00302nam a2200121Ia 4500008004100000082001700041100002200058245003300080250000800113260003300121300000800154650001800162191201s2005 xx 000 0 und d a658.301bGAE aGARG, Vinod Kumar 0aEnterprise Resource Planning a2nd aN.DelhibPrentice Hallc2005 a185 aGeneral Books